Learning and teaching in secondary schools / (Record no. 62004)
[ view plain ]
| 000 -LEADER | |
|---|---|
| fixed length control field | 00888nam a2200265 a 4500 |
| 001 - CONTROL NUMBER | |
| control field | vtls003144690 |
| 003 - CONTROL NUMBER IDENTIFIER | |
| control field | MY-SjTCS |
| 005 - DATE AND TIME OF LATEST TRANSACTION | |
| control field | 20200306170358.0 |
| 008 - FIXED-LENGTH DATA ELEMENTS--GENERAL INFORMATION | |
| fixed length control field | 110218s2007 xxk 001 0 eng d |
| 020 ## - INTERNATIONAL STANDARD BOOK NUMBER | |
| International Standard Book Number | 9781844450961 (pbk.) |
| 020 ## - INTERNATIONAL STANDARD BOOK NUMBER | |
| International Standard Book Number | 1844450961 (pbk.) |
| 039 #9 - LEVEL OF BIBLIOGRAPHIC CONTROL AND CODING DETAIL [OBSOLETE] | |
| Level of rules in bibliographic description | 201102181640 |
| Level of effort used to assign nonsubject heading access points | VLOAD |
| Level of effort used to assign subject headings | 201102181552 |
| Level of effort used to assign classification | VLOAD |
| Level of effort used to assign subject headings | 200908031230 |
| Level of effort used to assign classification | shahriman |
| -- | 200907071035 |
| -- | shahriman |
| 082 04 - DEWEY DECIMAL CLASSIFICATION NUMBER | |
| Classification number | 373.11020941 |
| Item number | LEA |
| 245 00 - TITLE STATEMENT | |
| Title | Learning and teaching in secondary schools / |
| Statement of responsibility, etc. | edited by Viv Ellis. |
| 250 ## - EDITION STATEMENT | |
| Edition statement | 3rd ed. |
| 260 ## - PUBLICATION, DISTRIBUTION, ETC. | |
| Place of publication, distribution, etc. | Exeter : |
| Name of publisher, distributor, etc. | Learning Matters, |
| Date of publication, distribution, etc. | 2007. |
| 300 ## - PHYSICAL DESCRIPTION | |
| Extent | vii, 197 p. : |
| Other physical details | ill. ; |
| Dimensions | 25 cm. |
| 490 1# - SERIES STATEMENT | |
| Series statement | Achieving QTS |
| 504 ## - BIBLIOGRAPHY, ETC. NOTE | |
| Bibliography, etc. note | Previous ed.: 2004. |
| 650 #0 - SUBJECT ADDED ENTRY--TOPICAL TERM | |
| Topical term or geographic name entry element | Education, Secondary |
| Geographic subdivision | Great Britain. |
| 9 (RLIN) | 284264 |
| 650 #0 - SUBJECT ADDED ENTRY--TOPICAL TERM | |
| Topical term or geographic name entry element | High school teaching |
| Geographic subdivision | Great Britain. |
| 9 (RLIN) | 15699 |
| 700 1# - ADDED ENTRY--PERSONAL NAME | |
| Personal name | Ellis, Viv, |
| Dates associated with a name | 1965- |
| 9 (RLIN) | 34885 |
| 830 #0 - SERIES ADDED ENTRY--UNIFORM TITLE | |
| Uniform title | Achieving QTS |
| 9 (RLIN) | 34886 |
| 920 ## - Programme | |
| Programme | ADP/1 |
| Withdrawn status | Lost status | Source of classification or shelving scheme | Damaged status | Not for loan | Collection code | Home library | Current library | Date acquired | Cost, normal purchase price | Total Checkouts | Barcode | Date last seen | Date last checked out | Copy number | Cost, replacement price | Koha item type | Public note |
|---|---|---|---|---|---|---|---|---|---|---|---|---|---|---|---|---|---|
| Dewey Decimal Classification | Please fill up online form at https://taylorslibrary.taylors.edu.my/services/external_storage1 | Taylor's Library-TU | TU External Storage-Block E | 03/08/2009 | 72.04 | 5000002853 | 05/12/2019 | 27/12/2009 | 1 | 72.04 | Main Collection | SLASx,05000,03,GR |